| 000 | 00403pab a2200157 454500 | ||
|---|---|---|---|
| 008 | 180718b2005 xxu||||| |||| 00| 0 eng d | ||
| 100 | _aPurushotham, P. | ||
| 245 | _aAppropriate technology for employment generation in agro industries | ||
| 260 | _c2005 | ||
| 300 | _ap.6-10. | ||
| 362 | _aAug | ||
| 650 | _aAgroindustry | ||
| 650 | _aEmployment creation | ||
| 773 | _aKurukshetra | ||
| 909 | _a66424 | ||
| 999 |
_c66424 _d66424 |
||